Wszystkie Legalne Zakłady Bukmacherskie w Polsce - Statystyki

Ogólne statystyki
  • Ten quiz został rozwiązany 97 razy
  • Średni wynik to 7 z 17
Statystyki odpowiedzi
Zakład Bukmacherski % Poprawnych
Fortuna
97%
STS
93%
Betclic
92%
Superbet
76%
LV Bet
65%
Betfan
59%
Fuksiarz
46%
Etoto
43%
forBet
34%
TOTALbet
33%
Totolotek
30%
Pzbuk
19%
Betcris
14%
eWinner
13%
GO+bet
13%
Betway
8%
BetX
5%
Nie znaleziono quizów pasujących do podanych kryteriów
Rozkład punktacji
Procent ludzi z każdym wynikiem
Percentyl według liczby udzielonych odpowiedzi
Twoja historia wyników
Nie rozwiązałeś tego quizu